<?xml version="1.0" encoding="UTF-8"?>
<record
    xmlns:xsi="http://www.w3.org/2001/XMLSchema-instance"
    xsi:schemaLocation="http://www.loc.gov/MARC21/slim http://www.loc.gov/standards/marcxml/schema/MARC21slim.xsd"
    xmlns="http://www.loc.gov/MARC21/slim">

  <leader>00595nam a22001337a 4500</leader>
  <datafield tag="040" ind1=" " ind2=" ">
    <subfield code="c">RUA</subfield>
  </datafield>
  <datafield tag="082" ind1=" " ind2=" ">
    <subfield code="a">FOR MEN 2010 B139 Or.1</subfield>
  </datafield>
  <datafield tag="100" ind1=" " ind2=" ">
    <subfield code="a">MENH, KHIDORANG.</subfield>
  </datafield>
  <datafield tag="245" ind1=" " ind2=" ">
    <subfield code="a">The study on possibility of wildlife farm establishment at phnom tamao, &#x179F;&#x17B7;&#x1780;&#x17D2;&#x179F;&#x17B6;&#x1796;&#x17B8;&#x179B;&#x1791;&#x17D2;&#x1792;&#x1797;&#x17B6;&#x1796;&#x1794;&#x1784;&#x17D2;&#x1780;&#x17BE;&#x178F;&#x1780;&#x179F;&#x17B7;&#x178A;&#x17D2;&#x178B;&#x17B6;&#x1793;&#x1785;&#x17B7;&#x1789;&#x17D2;&#x1785;&#x17B9;&#x1798;&#x179F;&#x178F;&#x17D2;&#x179C;&#x1796;&#x17D2;&#x179A;&#x17C3; &#x1793;&#x17C5;&#x1797;&#x17D2;&#x1793;&#x17C6;&#x178F;&#x17B6;&#x1798;&#x17C9;&#x17C5;</subfield>
  </datafield>
  <datafield tag="260" ind1=" " ind2=" ">
    <subfield code="a">Phnom Penh</subfield>
    <subfield code="b">RUA</subfield>
    <subfield code="c">2010</subfield>
  </datafield>
  <datafield tag="300" ind1=" " ind2=" ">
    <subfield code="a">xi; 36p.</subfield>
    <subfield code="b">ill.</subfield>
    <subfield code="c">29cm.</subfield>
  </datafield>
  <datafield tag="856" ind1=" " ind2=" ">
    <subfield code="u">https://drive.google.com/file/d/1i49SSBueW1Npcg5nUf5ijoQTb-dxBmR_/view?usp=sharing</subfield>
  </datafield>
  <datafield tag="942" ind1=" " ind2=" ">
    <subfield code="c">FOR</subfield>
  </datafield>
  <datafield tag="999" ind1=" " ind2=" ">
    <subfield code="c">3408</subfield>
    <subfield code="d">3408</subfield>
  </datafield>
  <datafield tag="952" ind1=" " ind2=" ">
    <subfield code="0">0</subfield>
    <subfield code="1">0</subfield>
    <subfield code="2">ddc</subfield>
    <subfield code="4">0</subfield>
    <subfield code="6">FOR_MEN_2010_000000000000000_B139_OR_1</subfield>
    <subfield code="7">0</subfield>
    <subfield code="9">16163</subfield>
    <subfield code="a">LBB</subfield>
    <subfield code="b">LBB</subfield>
    <subfield code="c">B139</subfield>
    <subfield code="d">2015-11-13</subfield>
    <subfield code="l">1</subfield>
    <subfield code="o">FOR MEN 2010 B139 Or.1</subfield>
    <subfield code="p">RUA028493</subfield>
    <subfield code="r">2022-12-07</subfield>
    <subfield code="s">2022-11-02</subfield>
    <subfield code="w">2015-11-13</subfield>
    <subfield code="y">FOR</subfield>
  </datafield>
  <datafield tag="952" ind1=" " ind2=" ">
    <subfield code="0">0</subfield>
    <subfield code="1">0</subfield>
    <subfield code="2">ddc</subfield>
    <subfield code="4">0</subfield>
    <subfield code="6">FOR_MEN_2010_000000000000000_B139_OR_2</subfield>
    <subfield code="7">0</subfield>
    <subfield code="9">16164</subfield>
    <subfield code="a">LBB</subfield>
    <subfield code="b">LBB</subfield>
    <subfield code="c">B139</subfield>
    <subfield code="d">2015-11-13</subfield>
    <subfield code="o">FOR MEN 2010 B139 Or.2</subfield>
    <subfield code="p">RUA026101</subfield>
    <subfield code="r">2015-11-13</subfield>
    <subfield code="w">2015-11-13</subfield>
    <subfield code="y">FOR</subfield>
  </datafield>
  <datafield tag="952" ind1=" " ind2=" ">
    <subfield code="0">0</subfield>
    <subfield code="1">0</subfield>
    <subfield code="2">ddc</subfield>
    <subfield code="4">0</subfield>
    <subfield code="6">FOR_MEN_2010_000000000000000_B139_OR_3</subfield>
    <subfield code="7">0</subfield>
    <subfield code="9">16165</subfield>
    <subfield code="a">LBB</subfield>
    <subfield code="b">LBB</subfield>
    <subfield code="c">B139</subfield>
    <subfield code="d">2015-11-13</subfield>
    <subfield code="o">FOR MEN 2010 B139 Or.3</subfield>
    <subfield code="p">RUA026121</subfield>
    <subfield code="r">2015-11-13</subfield>
    <subfield code="w">2015-11-13</subfield>
    <subfield code="y">FOR</subfield>
  </datafield>
  <datafield tag="952" ind1=" " ind2=" ">
    <subfield code="0">0</subfield>
    <subfield code="1">0</subfield>
    <subfield code="2">ddc</subfield>
    <subfield code="4">0</subfield>
    <subfield code="6">FOR_MEN_2010_000000000000000_B139_OR_4</subfield>
    <subfield code="7">0</subfield>
    <subfield code="9">16166</subfield>
    <subfield code="a">LBB</subfield>
    <subfield code="b">LBB</subfield>
    <subfield code="c">B139</subfield>
    <subfield code="d">2015-11-13</subfield>
    <subfield code="o">FOR MEN 2010 B139 Or.4</subfield>
    <subfield code="p">RUA028473</subfield>
    <subfield code="r">2015-11-13</subfield>
    <subfield code="w">2015-11-13</subfield>
    <subfield code="y">FOR</subfield>
  </datafield>
  <datafield tag="952" ind1=" " ind2=" ">
    <subfield code="0">0</subfield>
    <subfield code="1">0</subfield>
    <subfield code="2">ddc</subfield>
    <subfield code="4">0</subfield>
    <subfield code="6">FOR_MEN_2010_000000000000000_B139_OR_5</subfield>
    <subfield code="7">0</subfield>
    <subfield code="9">16167</subfield>
    <subfield code="a">LBB</subfield>
    <subfield code="b">LBB</subfield>
    <subfield code="c">B139</subfield>
    <subfield code="d">2015-11-13</subfield>
    <subfield code="o">FOR MEN 2010 B139 Or.5</subfield>
    <subfield code="p">RUA028719</subfield>
    <subfield code="r">2015-11-13</subfield>
    <subfield code="w">2015-11-13</subfield>
    <subfield code="y">FOR</subfield>
  </datafield>
  <datafield tag="952" ind1=" " ind2=" ">
    <subfield code="0">0</subfield>
    <subfield code="1">0</subfield>
    <subfield code="2">ddc</subfield>
    <subfield code="4">0</subfield>
    <subfield code="6">FOR_MEN_2010_000000000000000_B139_OR_6</subfield>
    <subfield code="7">0</subfield>
    <subfield code="9">16168</subfield>
    <subfield code="a">LBB</subfield>
    <subfield code="b">LBB</subfield>
    <subfield code="c">B139</subfield>
    <subfield code="d">2015-11-13</subfield>
    <subfield code="o">FOR MEN 2010 B139 Or.6</subfield>
    <subfield code="p">RUA028791</subfield>
    <subfield code="r">2015-11-13</subfield>
    <subfield code="w">2015-11-13</subfield>
    <subfield code="y">FOR</subfield>
  </datafield>
  <datafield tag="952" ind1=" " ind2=" ">
    <subfield code="0">0</subfield>
    <subfield code="1">0</subfield>
    <subfield code="2">ddc</subfield>
    <subfield code="4">0</subfield>
    <subfield code="6">FOR_MEN_2010_000000000000000_B139_OR_7</subfield>
    <subfield code="7">0</subfield>
    <subfield code="9">16169</subfield>
    <subfield code="a">LBB</subfield>
    <subfield code="b">LBB</subfield>
    <subfield code="c">B139</subfield>
    <subfield code="d">2015-11-13</subfield>
    <subfield code="o">FOR MEN 2010 B139 Or.7</subfield>
    <subfield code="p">RUA028863</subfield>
    <subfield code="r">2015-11-13</subfield>
    <subfield code="w">2015-11-13</subfield>
    <subfield code="y">FOR</subfield>
  </datafield>
  <datafield tag="952" ind1=" " ind2=" ">
    <subfield code="0">0</subfield>
    <subfield code="1">0</subfield>
    <subfield code="2">ddc</subfield>
    <subfield code="4">0</subfield>
    <subfield code="6">FOR_MEN_2010_000000000000000_B139_OR_8</subfield>
    <subfield code="7">0</subfield>
    <subfield code="9">16170</subfield>
    <subfield code="a">LBB</subfield>
    <subfield code="b">LBB</subfield>
    <subfield code="c">B139</subfield>
    <subfield code="d">2015-11-13</subfield>
    <subfield code="o">FOR MEN 2010 B139 Or.8</subfield>
    <subfield code="p">RUA028647</subfield>
    <subfield code="r">2015-11-13</subfield>
    <subfield code="w">2015-11-13</subfield>
    <subfield code="y">FOR</subfield>
  </datafield>
</record>
